Central Library OPAC University of Rajshahi

Handbook of mathematics / (Record no. 7717)

MARC details
000 -LEADER
fixed length control field 01138cam a2200325 4500
001 - CONTROL NUMBER
control field 7717
003 - CONTROL NUMBER IDENTIFIER
rucl marc code BD-RjUL
005 - DATE AND TIME OF LATEST TRANSACTION
control field 20211208234449.0
008 - FIXED-LENGTH DATA ELEMENTS--GENERAL INFORMATION
fixed length control field 140115s1969 enka 001 0 eng
020 ## - INTERNATIONAL STANDARD BOOK NUMBER
International Standard Book Number 0080118577
035 ## - SYSTEM CONTROL NUMBER
System control number (BD-RjUL)7761
040 ## - CATALOGING SOURCE
Original cataloging agency DLC
Transcribing agency DLC
Modifying agency DLC
-- BD-RjUL
Language of cataloging eng
041 1# - LANGUAGE CODE
Language code of text/sound track or separate title engdut
082 00 - DEWEY DECIMAL CLASSIFICATION NUMBER
Classification number 510
Author mark and year HAN 1969
245 10 - TITLE STATEMENT
Title Handbook of mathematics /
Statement of responsibility, etc. Edited by L. Kuipers and R. Timman. With contributions from J. W. Cohen [and others] English translation edited by I. N. Sneddon.
250 ## - EDITION STATEMENT
Edition statement [1st English ed.]
260 ## - PUBLICATION, DISTRIBUTION, ETC. (IMPRINT)
Place of publication, distribution, etc. Oxford ;
-- New York :
Name of publisher, distributor, etc. Pergamon Press ,
Date of publication, distribution, etc. c1969
300 ## - PHYSICAL DESCRIPTION
Pagination xi, 782 p. :
Illustrations illus. ;
Size 24 cm.
490 0# - SERIES STATEMENT
Series statement International series of monographs in pure and applied mathematics, v. 99
500 ## - GENERAL NOTE
General note Translation of Handboek der wiskunde.
504 ## - BIBLIOGRAPHY, ETC. NOTE
Bibliography, etc Includes index.
650 #0 - SUBJECT ADDED ENTRY--TOPICAL TERM
Topical term or geographic name as entry element Mathematics.
9 (RLIN) 24069
700 1# - ADDED ENTRY--PERSONAL NAME
Personal name Kuipers, Lauwerens.
Personal name Timman, R.
Fuller form of name (Reinier),
Dates associated with a name 1917-1975,
Relator term joint author.
Personal name Cohen, Jacob Willem.
942 ## - ADDED ENTRY ELEMENTS (KOHA)
Source of classification or shelving scheme Dewey Decimal Classification
Koha item type Books
Holdings
Lost status Source of classification or shelving scheme Damaged status Not for loan Collection code Permanent Location Current Location Shelving location Date acquired Source of acquisition Cost, normal purchase price Total Checkouts Full call number Date last seen Copy number Koha item type
  Dewey Decimal Classification   Not For Loan Non-fiction Central Library, University of Rajshahi Central Library, University of Rajshahi   30/08/1973 National book agency. 292.50   510 HAN 1969 15/01/2014 C-1 Books